000
00299nam a2200121Ia 4500
008
191201s2014 xx 000 0 und d
100
_a
RANJAN, Gopal
245
0
_a
Basic and Applied soil Mechanics
260
_a
N. delhi
_b
New Age
_c
2014
300
_a
762
650
_a
B.Tech(CE)
942
_2
ddc
_c
BK
_0
1
999
_c
6161
_d
6161